The adventures of Chunky / (Record no. 7221)
[ view plain ]
| 000 -LEADER | |
|---|---|
| fixed length control field | 00667nam a22002412i 4500 |
| 001 - CONTROL NUMBER | |
| JCCL Control Number | 7221 |
| 003 - CONTROL NUMBER IDENTIFIER | |
| JCCL marc code | BD - Jhcc |
| 005 - DATE AND TIME OF LATEST TRANSACTION | |
| control field | 20180418165544.0 |
| 008 - FIXED-LENGTH DATA ELEMENTS--GENERAL INFORMATION | |
| fixed length control field | 500101s1958 xxk j 000 0 eng d |
| 035 ## - SYSTEM CONTROL NUMBER | |
| system control number | (BD - Jhcc)7221 |
| 040 ## - CATALOGING SOURCE | |
| Original cataloging agency | UKM |
| Transcribing agency | UKM |
| Modifying agency | EQO |
| -- | BD - Jhcc |
| 041 ## - LANGUAGE CODE | |
| Language code of Book | eng |
| 082 ## - DEWEY DECIMAL CLASSIFICATION NUMBER | |
| Classification number | 823.91 |
| Author mark and Year | BER 1958 |
| 082 ## - DEWEY DECIMAL CLASSIFICATION NUMBER | |
| Classification number | J |
| DDC Edition number | 18 |
| 100 1# - MAIN ENTRY--PERSONAL NAME | |
| Personal name | Berg, Leila. |
| 245 14 - TITLE STATEMENT | |
| Title | The adventures of Chunky / |
| Statement of responsibility, etc | Leila. Berg and illustrated by George Downs |
| 260 ## - PUBLICATION, DISTRIBUTION, ETC. (IMPRINT) | |
| Place of publication, distribution, etc | Oxford University Press, |
| Date of publication, distribution, etc | 1958 |
| 300 ## - PHYSICAL DESCRIPTION | |
| Pagination | 196 p. : |
| Other physical details | ill. ; |
| Dimensions | 20 cm |
| 500 ## - GENERAL NOTE | |
| General note | Originally published (B50-8263) 1950 |
| 830 #0 - SERIES ADDED ENTRY--UNIFORM TITLE | |
| Uniform title | Oxford Children's Library |
| 942 ## - ADDED ENTRY ELEMENTS (KOHA) | |
| Source of classification or shelving scheme | Dewey Decimal Classification |
| Koha item type | Books |
| Source of classification or shelving scheme | Damaged status | Not for loan | Home library | Current library | Shelving location | Total Checkouts | Full call number | Barcode | Date last seen | Copy number | Koha item type |
|---|---|---|---|---|---|---|---|---|---|---|---|
| Dewey Decimal Classification | JCC Rouf Library | JCC Rouf Library | General Stacks | 823.91 BER 1958 | 9549 | 02/06/2018 | C - 1 | Books |